000 01145nam0a2200265 4500
001 RU\NLR\BIBL_A\011141213
005 20260628163140.0
035 _a(NLR Aleph) 011141213
090 _a13739984
_c13739984
100 _a20160529d1962 e y0rusy50 ca
101 0 _aaze
102 _aAZ
105 _aab z 000 y
200 1 _aАзәрбаjҹан ССР ҹоғрафиjасы
_eVIII синиф үчүн дәрс вәсаити
_fГ. Ҝүл
210 _aБакы
_cАзәртәдриснәшр
_d1962
215 _a71,[1] с.
_cшәк.
_d22
541 1 _6z01790
_aГеография Азербайджанской ССР
_eучеб. пособие для 8-го кл.
_zrus
607 _aАзербайджанская ССР
_jУчебные издания для средней школы
_xГеография
_9917941
_3RU\NLR\AUTH\6616897
686 1 _aД82 я72
700 1 _aҜүл
_bГ. К. оғлу
_gГасым Казым оғлу
_4070
790 1 _6z01541
_aГюль
_bК. К. оглы
_gКасум Кязим оглы
_4070
852 _aNLR
_bОНЛ
_jАзерб./3-7002
942 _cBOOK
980 _aNB